[Event "SPICE Cup Open 2016"]
[Site "Saint Louis USA"]
[Date "2016.10.21"]
[Round "8.5"]
[White "Chandra, Akshat"]
[Black "Nyzhnyk, Illya"]
[Result "1/2-1/2"]
[WhiteTitle "IM"]
[BlackTitle "GM"]
[WhiteElo "2490"]
[BlackElo "2607"]
[WhiteFideId "25006711"]
[BlackFideId "14118084"]
[EventDate "2016.10.17"]
[EventType "swiss"]

1. e4 e6 2. d4 d5 3. Nc3 Nf6 4. e5 Nfd7 5. f4 c5 6. Nf3 Nc6 7. Be3 a6 8. Qd2 b5
9. dxc5 Bxc5 10. Bxc5 Nxc5 11. Qf2 Qb6 12. Bd3 b4 13. Ne2 a5 14. O-O Ba6 15. Kh1
Bxd3 16. cxd3 Qb5 17. Ned4 Nxd4 18. Nxd4 Qxd3 19. Rad1 Qc4 20. f5 O-O 21. f6 Ne4
22. Qh4 gxf6 23. exf6 Kh8 24. Rf3 Rg8 25. Rh3 Ng5 26. Rg3 Ne4 27. Rh3 Ng5 1/2-1/2

[Event "SPICE Cup Open 2016"]
[Site "Saint Louis USA"]
[Date "2016.10.21"]
[Round "8.6"]
[White "Kannappan Priyadharshan"]
[Black "Ashwin, Jayaram"]
[Result "1-0"]
[WhiteTitle "IM"]
[BlackTitle "GM"]
[WhiteElo "2525"]
[BlackElo "2468"]
[WhiteFideId "5018293"]
[BlackFideId "5018137"]
[EventDate "2016.10.17"]
[EventType "swiss"]

1. d4 Nf6 2. Nf3 d5 3. e3 Bf5 4. Bd3 Bg6 5. Ne5 e6 6. Nxg6 hxg6 7. c4 Bb4+ 8.
Nc3 c5 9. dxc5 Qc7 10. cxd5 Nxd5 11. Bd2 Nxc3 12. Bxc3 Bxc3+ 13. bxc3 Qxc5 14.
Rb1 Qxc3+ 15. Qd2 Qc7 16. Qb2 Nc6 17. Qxb7 Rc8 18. Ke2 O-O 19. Qxc7 Rxc7 20.
Rhc1 Rfc8 21. Rc5 Ne7 22. Rxc7 Rxc7 23. Rb8+ Kh7 24. a4 Nc6 25. Rb5 Ne7 26. a5
a6 27. Rb6 Rc5 28. Rb7 Nc6 29. Rxf7 Ne5 30. Re7 Nxd3 31. Kxd3 Rxa5 32. Ke4 Rf5
33. f4 g5 34. Rxe6 Rf6 35. Rxf6 gxf6 36. g4 Kg6 37. f5+ Kf7 38. Kd5 a5 39. Kc5
Ke7 40. Kb5 Kd6 41. Kxa5 Kc5 42. h3 Kd5 43. Kb5 Ke4 44. Kc5 Kf3 45. e4 Kg3 46.
Kd5 Kxh3 47. e5 1-0

[Event "SPICE Cup Open 2016"]
[Site "Saint Louis USA"]
[Date "2016.10.21"]
[Round "8.8"]
[White "Kiewra, Keaton F"]
[Black "Leon Hoyos, Manuel"]
[Result "1-0"]
[WhiteTitle "IM"]
[BlackTitle "GM"]
[WhiteElo "2454"]
[BlackElo "2488"]
[WhiteFideId "2019280"]
[BlackFideId "5105269"]
[EventDate "2016.10.17"]
[EventType "swiss"]

1. e4 g6 2. d4 Bg7 3. Nc3 a6 4. f4 b5 5. Nf3 Bb7 6. Bd3 b4 7. Ne2 d6 8. O-O Nd7
9. a3 Ngf6 10. e5 Nd5 11. c4 bxc3 12. bxc3 e6 13. Rb1 Rb8 14. c4 Ne7 15. Ng3 O-O
16. Be3 Re8 17. Qc2 Bh6 18. d5 exd5 19. Ba7 Bxf4 20. Bxb8 Qxb8 21. exd6 Bxd6 22.
Kh1 Qa8 23. Qb2 dxc4 24. Bxc4 Bxf3 25. Rxf3 Ne5 26. Qb3 Rf8 27. Rf6 Qc6 28. Be2
h5 29. Bf3 Qd7 30. Bd5 Kg7 31. Ne4 Nf5 32. Qc3 Ne7 33. Qd4 Ng8 34. Rf2 Qe7 35.
Rbf1 Nh6 36. a4 Qh4 37. Rf4 Qe7 38. h3 Ng8 39. Rxf7+ Rxf7 40. Rxf7+ Qxf7 41.
Bxf7 1-0

[Event "SPICE Cup Open 2016"]
[Site "Saint Louis USA"]
[Date "2016.10.21"]
[Round "8.9"]
[White "Grabinsky, Aaron"]
[Black "Gurevich, Daniel"]
[Result "1-0"]
[BlackTitle "IM"]
[WhiteElo "2330"]
[BlackElo "2488"]
[WhiteFideId "2087090"]
[BlackFideId "2044676"]
[EventDate "2016.10.17"]
[EventType "swiss"]

1. d4 Nf6 2. Bf4 e6 3. e3 c5 4. c3 d5 5. Nd2 Bd6 6. Bg3 Nc6 7. Ngf3 Qe7 8. Bb5
Bd7 9. O-O a6 10. Bxc6 Bxc6 11. Ne5 Rc8 12. Bh4 Qc7 13. f4 Ne4 14. Nxe4 dxe4 15.
Qg4 f5 16. Qh5+ g6 17. Qh6 cxd4 18. cxd4 Bf8 19. Qg5 Bg7 20. Rfc1 O-O 21. Nxc6
bxc6 22. Qe7 Rfe8 23. Qxc7 Rxc7 24. Rc4 Rec8 25. Rac1 Kf7 26. Be1 Bf8 27. b3 Ke8
28. Ba5 Ra7 29. Rxc6 Rxc6 30. Rxc6 Kd7 31. Rc4 Rb7 32. Kf2 Bd6 33. Be1 Rb8 34.
Ke2 h6 35. Bh4 g5 36. fxg5 hxg5 37. Bxg5 Bxh2 38. Bh4 Rg8 39. Kf1 Bc7 40. Bf6
Bd6 41. Be5 Rb8 42. Bxd6 Kxd6 43. Ra4 Rb6 44. Kf2 Ke7 45. Kg3 Rc6 46. Rc4 Rd6
47. Kf4 Kf6 48. g4 fxg4 49. Kxg4 e5 50. dxe5+ Kxe5 51. Rc5+ Ke6 52. Kf4 1-0

[Event "SPICE Cup Open 2016"]
[Site "Saint Louis USA"]
[Date "2016.10.21"]
[Round "8.10"]
[White "Santarius, Erik F"]
[Black "Kaliksteyn, Alexander"]
[Result "0-1"]
[BlackTitle "FM"]
[WhiteElo "2289"]
[BlackElo "2412"]
[WhiteFideId "2025817"]
[BlackFideId "2007630"]
[EventDate "2016.10.17"]
[EventType "swiss"]

1. d4 g6 2. e4 Bg7 3. g3 d6 4. Bg2 Nf6 5. Ne2 O-O 6. O-O e5 7. h3 c6 8. Nbc3 b5
9. Be3 Bb7 10. dxe5 dxe5 11. Bc5 Re8 12. Qxd8 Rxd8 13. Rfd1 Rxd1+ 14. Rxd1 Nbd7
15. Be3 Bf8 16. Nc1 Nb6 17. Nd3 Nfd7 18. b3 b4 19. Nb1 c5 20. a3 a5 21. a4 c4
22. Nxe5 Nxe5 23. Bxb6 c3 24. f4 Ra6 25. Be3 Nc6 26. e5 Bc8 27. Bf1 Ra8 28. Bg2
Ra6 29. g4 g5 30. Bf1 Ra8 31. Bg2 gxf4 32. Bxf4 Ra6 33. Bf1 Rb6 34. Bc4 Be6 35.
Bxe6 fxe6 36. Kf1 Bg7 37. Rd6 Rb8 38. Rxc6 Rf8 39. Nxc3 bxc3 40. Rxc3 Bxe5 41.
Rc5 Bxf4 42. Ke2 Ra8 43. Kf3 e5 44. Ke4 h6 45. Kf5 Kf7 46. Rc7+ Kf8 47. h4 Re8
48. Rc4 Ke7 49. b4 Kd6 50. bxa5 Kd5 51. Rb4 Rf8+ 52. Kg6 e4 53. a6 e3 54. a7 Bg3
55. Kxh6 e2 56. Rb1 e1=Q 57. Rxe1 Bxe1 58. Kg7 Ra8 59. h5 Rxa7+ 60. Kg6 Ke5 61.
h6 Kf4 62. g5 Ra5 0-1

[Event "SPICE Cup Open 2016"]
[Site "Saint Louis USA"]
[Date "2016.10.21"]
[Round "8.11"]
[White "Duran Vega, Sergio"]
[Black "Colas, Joshua"]
[Result "1/2-1/2"]
[WhiteTitle "FM"]
[BlackTitle "FM"]
[WhiteElo "2383"]
[BlackElo "2335"]
[WhiteFideId "6501311"]
[BlackFideId "2044447"]
[EventDate "2016.10.17"]
[EventType "swiss"]

1. d4 Nf6 2. Nf3 e6 3. c4 d5 4. g3 dxc4 5. Bg2 Bb4+ 6. Bd2 c5 7. a3 Bxd2+ 8.
Nbxd2 cxd4 9. Nxc4 Nc6 10. O-O O-O 11. b4 a6 12. Nfe5 Nxe5 13. Nxe5 a5 14. Qd2
axb4 15. axb4 Rxa1 16. Rxa1 Qd6 17. Nc4 Qe7 18. Ra7 e5 19. Nb6 Qc7 20. Nxc8 Rxc8
21. Rxb7 Qc1+ 22. Qxc1 Rxc1+ 23. Bf1 g6 24. Kg2 Ne4 25. e3 dxe3 26. fxe3 Rc2+
27. Kg1 Nd2 28. Bg2 e4 29. g4 Nf3+ 30. Bxf3 exf3 31. h3 Kg7 32. b5 Kf6 33. b6
Rb2 34. Rc7 Ke5 35. Re7+ Kf6 1/2-1/2

[Event "SPICE Cup Open 2016"]
[Site "Saint Louis USA"]
[Date "2016.10.21"]
[Round "8.12"]
[White "Niemann, Hans M"]
[Black "Banawa, Joel Cholo B."]
[Result "0-1"]
[WhiteTitle "FM"]
[BlackTitle "FM"]
[WhiteElo "2288"]
[BlackElo "2363"]
[WhiteFideId "2093596"]
[BlackFideId "2024055"]
[EventDate "2016.10.17"]
[EventType "swiss"]

1. d4 Nf6 2. c4 e6 3. Nc3 Bb4 4. Bg5 h6 5. Bh4 b6 6. f3 c5 7. d5 exd5 8. cxd5
O-O 9. e4 Re8 10. Ne2 d6 11. a3 Bxc3+ 12. bxc3 Ba6 13. Bf2 Nxe4 14. fxe4 Rxe4
15. Qc2 Qe8 16. O-O-O Ra4 17. Kb2 Bc4 18. Nc1 Qb5+ 19. Qb3 Qa6 20. Bxc4 Rxc4 21.
Rhe1 Nd7 22. Re7 Ra4 23. Bg3 c4 24. Qc2 Nc5 25. Bxd6 Rxa3 26. Rde1 Nd3+ 27. Qxd3
cxd3 28. Bxa3 d2 29. Nb3 dxe1=Q 30. Rxe1 Qd3 31. d6 Rc8 32. Re7 Rxc3 33. d7
Rxb3+ 0-1

[Event "SPICE Cup Open 2016"]
[Site "Saint Louis USA"]
[Date "2016.10.21"]
[Round "8.14"]
[White "Kavutskiy, Konstantin"]
[Black "Troff, Kayden W"]
[Result "0-1"]
[WhiteTitle "FM"]
[BlackTitle "GM"]
[WhiteElo "2332"]
[BlackElo "2501"]
[WhiteFideId "2026384"]
[BlackFideId "2047896"]
[EventDate "2016.10.17"]
[EventType "swiss"]

1. d4 Nf6 2. c4 g6 3. Nc3 d5 4. cxd5 Nxd5 5. e4 Nxc3 6. bxc3 Bg7 7. Nf3 c5 8.
Be3 O-O 9. Be2 b6 10. Rc1 e6 11. Qd2 Bb7 12. e5 Nc6 13. O-O Qd7 14. Rfd1 cxd4
15. cxd4 Ne7 16. h4 h5 17. Bg5 Rac8 18. Qf4 Nd5 19. Qd2 Qa4 20. Bh6 Qb4 21. Bxg7
Qxd2 22. Nxd2 Kxg7 23. Bf3 Bc6 24. Ne4 Nf4 25. Kh2 Bxe4 26. Bxe4 Rxc1 27. Rxc1
Rd8 28. Rc7 Rxd4 29. f3 Rd2 30. Rxa7 Rxg2+ 31. Kh1 g5 32. hxg5 Rxg5 33. Rb7 Rxe5
34. Rxb6 f5 35. Bc6 Re1+ 36. Kh2 Re2+ 37. Kg3 Nd3 38. Bb5 Rb2 39. a4 f4+ 40. Kh3
Ne5 41. Rb7+ Kf6 42. Bc6 Ra2 43. Be4 Nf7 0-1

[Event "SPICE Cup Open 2016"]
[Site "Saint Louis USA"]
[Date "2016.10.21"]
[Round "8.15"]
[White "Sukandar, Irine Kharisma"]
[Black "Betaneli, Alexander"]
[Result "1-0"]
[WhiteTitle "IM"]
[BlackTitle "FM"]
[WhiteElo "2432"]
[BlackElo "2259"]
[WhiteFideId "7101937"]
[BlackFideId "2012359"]
[EventDate "2016.10.17"]
[EventType "swiss"]

1. d4 d5 2. Nf3 Nf6 3. Bf4 c5 4. e3 Nc6 5. Nbd2 Bf5 6. Bb5 Nd7 7. c4 a6 8. Bxc6
bxc6 9. Qa4 Qb6 10. cxd5 cxd5 11. dxc5 Qxc5 12. O-O Qb5 13. Qd1 Bg4 14. Qc2 e6
15. Nd4 Qc5 16. Qa4 Rd8 17. h3 Bh5 18. Rfc1 Qb4 19. Qxa6 Be7 20. N2b3 e5 21. Nc6
Qd6 22. Bg3 O-O 23. Qb5 Rde8 24. Nxe7+ Rxe7 25. Rc6 Be2 26. Rxd6 Bxb5 27. Rxd5
Bc4 28. Rd6 Ra8 29. Rad1 Nf8 30. Rd8 Rxa2 31. Nc5 Raa7 32. b3 Rac7 33. Rb8 f6
34. Rdd8 Rf7 35. Ne4 Be6 36. Nd6 g6 37. f4 e4 38. Nxf7 Rxf7 39. f5 1-0

[Event "SPICE Cup Open 2016"]
[Site "Saint Louis USA"]
[Date "2016.10.21"]
[Round "8.16"]
[White "Sharevich, Anna"]
[Black "Neimer, Vitaly"]
[Result "0-1"]
[WhiteTitle "WGM"]
[BlackTitle "IM"]
[WhiteElo "2268"]
[BlackElo "2346"]
[WhiteFideId "13503189"]
[BlackFideId "2807017"]
[EventDate "2016.10.17"]
[EventType "swiss"]

1. d4 Nf6 2. c4 e6 3. g3 c5 4. d5 exd5 5. cxd5 b5 6. Bg2 d6 7. Nf3 g6 8. O-O Bg7
9. e4 O-O 10. e5 dxe5 11. Nxe5 Bb7 12. Nc6 Qd7 13. Nc3 Nxc6 14. dxc6 Bxc6 15.
Qxd7 Bxd7 16. Bxa8 Rxa8 17. Be3 b4 18. Ne2 Bb5 19. Rfe1 Nd7 20. Rab1 Ne5 21.
Bxc5 Nf3+ 22. Kg2 Nxe1+ 23. Rxe1 Re8 24. Be3 f5 25. Nf4 Bxb2 26. Rb1 Bc3 27.
Bxa7 g5 28. Nh3 Bc6+ 29. Kf1 Be4 30. Rd1 h6 31. Ng1 Bc2 32. Rd6 Re1+ 33. Kg2 g4
34. h3 Be4+ 35. Kh2 Ra1 36. hxg4 Rxa2 37. Rd8+ Kf7 38. Rd7+ Ke6 39. Rh7 fxg4 40.
Rxh6+ Kd5 41. Be3 b3 42. Rb6 Bd4 43. Bxd4 Kxd4 44. Rf6 Ke5 0-1

[Event "SPICE Cup Open 2016"]
[Site "Saint Louis USA"]
[Date "2016.10.21"]
[Round "8.17"]
[White "Williams, Justus D"]
[Black "Voelker, James"]
[Result "1-0"]
[WhiteTitle "FM"]
[WhiteElo "2313"]
[BlackElo "2112"]
[WhiteFideId "2049929"]
[BlackFideId "2018853"]
[EventDate "2016.10.17"]
[EventType "swiss"]

1. Nf3 d5 2. c4 d4 3. g3 g6 4. Bg2 Bg7 5. O-O e5 6. d3 Ne7 7. Na3 O-O 8. Nc2 a5
9. Rb1 Na6 10. Bd2 Nc5 11. Nfe1 c6 12. b3 Qc7 13. a3 a4 14. b4 Nb3 15. e3 Nxd2
16. Qxd2 Bh6 17. Qe2 dxe3 18. fxe3 Be6 19. Nf3 Rad8 20. Rbd1 f5 21. e4 f4 22. d4
exd4 23. Ncxd4 Bc8 24. e5 fxg3 25. hxg3 Rfe8 26. c5 Nd5 27. Rd3 Re7 28. Qe4 Rde8
29. b5 Bg7 30. bxc6 bxc6 31. Nxc6 Qxc6 32. Qxd5+ Qxd5 33. Rxd5 Bb7 34. Rd4 Bxf3
35. Bxf3 Bxe5 36. Rd3 Bb8 37. c6 Re3 38. Rd7 R3e7 39. Bd5+ Kg7 40. Rf7+ Rxf7 41.
Rxf7+ Kh6 42. c7 Bxc7 43. Rxc7 Re3 44. Kg2 Rxa3 45. Bg8 Rd3 46. Rxh7+ Kg5 47.
Ra7 a3 48. Ra6 Kh6 49. Bf7 Kg7 50. Bxg6 Rc3 51. Bf5 Rc5 52. g4 Rc3 53. Be4 Rb3
54. Bf3 Re3 55. Kg3 Rc3 56. Kf4 Rb3 57. Be4 Rc3 58. g5 Rb3 59. Ra7+ 1-0

[Event "SPICE Cup Open 2016"]
[Site "Saint Louis USA"]
[Date "2016.10.21"]
[Round "8.18"]
[White "Rosenthal, Nicholas"]
[Black "Rosen, Eric S"]
[Result "0-1"]
[BlackTitle "IM"]
[WhiteElo "2136"]
[BlackElo "2382"]
[WhiteFideId "2045150"]
[BlackFideId "2032562"]
[EventDate "2016.10.17"]
[EventType "swiss"]

1. e4 c5 2. d4 cxd4 3. c3 dxc3 4. Nxc3 e6 5. Nf3 Nc6 6. Bc4 Qc7 7. O-O Nf6 8.
Nb5 Qb8 9. e5 a6 10. exf6 axb5 11. fxg7 Bxg7 12. Bxb5 O-O 13. Re1 d5 14. Bd3 e5
15. Bb1 Qd6 16. Nh4 f5 17. Qh5 Ne7 18. g4 Qb4 19. Nf3 e4 20. a3 Qd6 21. Nh4 fxg4
22. Ba2 Be6 23. Bd2 Rxf2 24. Kxf2 Qxh2+ 25. Ke3 Nf5+ 26. Nxf5 Qxh5 27. Nxg7 Qh3+
28. Kd4 Qd3+ 29. Ke5 Kxg7 30. Rad1 Qa6 31. Bc3 Rd8 32. Rf1 Qd6+ 33. Kd4 Kg6 34.
Ke3 d4+ 35. Rxd4 Qg3+ 36. Ke2 Rxd4 37. Bxe6 Qd3+ 38. Kf2 Qf3+ 39. Kg1 Rd1 40.
Be1 Rxe1 0-1

[Event "SPICE Cup Open 2016"]
[Site "Saint Louis USA"]
[Date "2016.10.21"]
[Round "8.20"]
[White "Cervantes Landeiro, Thalia"]
[Black "Gosdin, Kaleb Ryder"]
[Result "1/2-1/2"]
[WhiteTitle "WCM"]
[WhiteElo "1910"]
[BlackElo "1953"]
[WhiteFideId "3520498"]
[BlackFideId "30920442"]
[EventDate "2016.10.17"]
[EventType "swiss"]

1. d4 d5 2. c4 e6 3. Nc3 Nf6 4. cxd5 exd5 5. Bg5 c6 6. Qc2 Be7 7. e3 Nbd7 8. Bd3
O-O 9. Nge2 Re8 10. O-O Nf8 11. f3 Be6 12. Rae1 Rc8 13. e4 dxe4 14. fxe4 Ng4 15.
Bxe7 Qxe7 16. Qd2 c5 17. d5 c4 18. dxe6 Qc5+ 19. Kh1 Nxe6 20. Nf4 cxd3 21. Nxd3
Qd4 22. Qe2 Ne5 23. Nxe5 Qxe5 24. Qf2 f6 25. Qxa7 Nc5 26. Qa5 Nd3 27. Qxe5 Rxe5
28. Rb1 Nxb2 29. Rxb2 Rxc3 30. Rxb7 Rxe4 31. h3 h5 32. Rd1 Re2 33. Rb5 Rcc2 34.
Rg1 h4 35. Rb4 1/2-1/2

[Event "SPICE Cup Open 2016"]
[Site "Saint Louis USA"]
[Date "2016.10.22"]
[Round "9.1"]
[White "Xiong, Jeffery"]
[Black "Robson, Ray"]
[Result "1/2-1/2"]
[WhiteTitle "GM"]
[BlackTitle "GM"]
[WhiteElo "2647"]
[BlackElo "2670"]
[WhiteFideId "2047640"]
[BlackFideId "2023970"]
[EventDate "2016.10.17"]
[EventType "swiss"]

1. c4 c5 2. Nf3 Nc6 3. d4 cxd4 4. Nxd4 Nf6 5. Nc3 e6 6. a3 Be7 7. e4 O-O 8. Nc2
b6 9. Be2 Bb7 10. Ne3 Ne5 11. O-O Ng6 12. Bd3 Qc7 13. Kh1 Rac8 14. f4 a6 15. Bd2
Kh8 16. Qf3 Bd6 17. Nc2 Ng8 18. Qg3 Nh6 19. Nd4 f6 20. Rad1 Rce8 21. Bc1 e5 22.
Nde2 exf4 23. Nxf4 Nxf4 24. Bxf4 1/2-1/2

[Event "SPICE Cup Open 2016"]
[Site "Saint Louis USA"]
[Date "2016.10.22"]
[Round "9.2"]
[White "Le, Quang Liem"]
[Black "Durarbayli, Vasif"]
[Result "1/2-1/2"]
[WhiteTitle "GM"]
[BlackTitle "GM"]
[WhiteElo "2723"]
[BlackElo "2608"]
[WhiteFideId "12401137"]
[BlackFideId "13402935"]
[EventDate "2016.10.17"]
[EventType "swiss"]

1. d4 Nf6 2. c4 g6 3. Nc3 d5 4. cxd5 Nxd5 5. e4 Nxc3 6. bxc3 Bg7 7. Nf3 c5 8.
Be3 Qa5 9. Qd2 Nc6 10. Rb1 a6 11. Rc1 cxd4 12. cxd4 Qxd2+ 13. Kxd2 f5 14. e5 O-O
15. Bc4+ e6 16. Ke2 Na5 17. Bd3 Nc6 18. h4 h6 19. Rhg1 Bd7 20. Rb1 b5 21. g4 Ne7
22. Rbc1 Rac8 23. gxf5 exf5 24. d5 Nxd5 25. Rxg6 Nxe3 26. Rxc8 Rxc8 27. Kxe3 Rc6
28. Rxc6 Bxc6 29. Nd4 Bd5 30. Nxf5 Bf8 31. Bb1 Bc5+ 32. Ke2 Bc4+ 33. Bd3 Bxa2
34. Nxh6+ Kf8 35. h5 a5 36. Nf5 a4 37. h6 Kg8 38. Nd6 b4 39. Bg6 Be6 40. h7+ Kg7
41. f4 Bxd6 42. exd6 a3 43. Bf7 a2 44. d7 Bxd7 1/2-1/2

[Event "SPICE Cup Open 2016"]
[Site "Saint Louis USA"]
[Date "2016.10.22"]
[Round "9.3"]
[White "Sevian, Samuel"]
[Black "Shimanov, Aleksandr"]
[Result "1-0"]
[WhiteTitle "GM"]
[BlackTitle "GM"]
[WhiteElo "2591"]
[BlackElo "2639"]
[WhiteFideId "2040506"]
[BlackFideId "4198603"]
[EventDate "2016.10.17"]
[EventType "swiss"]

1. e4 e6 2. d4 d5 3. Nc3 Bb4 4. e5 Ne7 5. a3 Bxc3+ 6. bxc3 c5 7. Qg4 cxd4 8. Bd3
Qa5 9. Ne2 dxc3 10. Qxg7 Rg8 11. Qh6 Nbc6 12. Bxh7 Rxg2 13. Nf4 Ng8 14. Bxg8
Rxg8 15. Nh5 Rg6 16. Qh8+ Ke7 17. Nf4 Rg4 18. h3 Rxf4 19. Bxf4 Nd4 20. O-O Kd7
21. Qf8 Qa4 22. Kh2 Nf5 23. Bg5 Kc7 24. Qd8+ Kb8 25. Rab1 b6 26. Rb3 Qc6 27. Qf6
d4 28. Qxf7 Qd5 29. Rfb1 Bd7 30. Bd8 Kc8 31. Bf6 Qf3 32. Qg8+ Kc7 33. Qg2 Qf4+
34. Kg1 Bc6 35. Qg4 Qd2 36. a4 d3 37. Bg5 Qxc2 38. a5 d2 39. Qh5 b5 40. Qf7+ Bd7
41. Kg2 d1=Q 42. Rxc3+ Qxc3 43. Rxd1 Nd4 44. Rc1 Nc2 45. Qh7 Rh8 46. Qxh8 Bc6+
47. Kh2 Qf3 48. Qg7+ Kb8 49. Qg8+ Kb7 50. a6+ Kxa6 51. Be3 Be4 52. Qxe6+ Kb7 53.
Qd7+ Kb8 54. Qxa7+ Kc8 55. Rxc2+ 1-0

[Event "SPICE Cup Open 2016"]
[Site "Saint Louis USA"]
[Date "2016.10.22"]
[Round "9.5"]
[White "Nyzhnyk, Illya"]
[Black "Kiewra, Keaton F"]
[Result "1-0"]
[WhiteTitle "GM"]
[BlackTitle "IM"]
[WhiteElo "2607"]
[BlackElo "2454"]
[WhiteFideId "14118084"]
[BlackFideId "2019280"]
[EventDate "2016.10.17"]
[EventType "swiss"]

1. d4 Nf6 2. Nf3 g6 3. g3 Bg7 4. Bg2 O-O 5. O-O d5 6. c4 dxc4 7. Na3 Nc6 8. Nxc4
Be6 9. b3 Bd5 10. Bb2 a5 11. Ne3 Be4 12. a3 Bh6 13. Nc4 Bd5 14. Qd3 Be4 15. Qc3
b5 16. Ncd2 b4 17. axb4 axb4 18. Qc4 Bd5 19. Qd3 Bxd2 20. Nxd2 Bxg2 21. Kxg2 Qd7
22. e4 Nh5 23. Rfc1 Rxa1 24. Bxa1 Na7 25. Nc4 f6 26. Ne3 Nb5 27. Qc4+ Kg7 28. d5
Ra8 29. Qxb4 Ra2 30. e5 fxe5 31. Bxe5+ Nf6 32. Qf4 Nd6 33. Ng4 1-0

[Event "SPICE Cup Open 2016"]
[Site "Saint Louis USA"]
[Date "2016.10.22"]
[Round "9.6"]
[White "Li, Ruifeng"]
[Black "Chandra, Akshat"]
[Result "1/2-1/2"]
[WhiteTitle "IM"]
[BlackTitle "IM"]
[WhiteElo "2538"]
[BlackElo "2490"]
[WhiteFideId "2061074"]
[BlackFideId "25006711"]
[EventDate "2016.10.17"]
[EventType "swiss"]

1. d4 Nf6 2. Nf3 d5 3. e3 c5 4. b3 Nc6 5. Bb2 Bf5 6. a3 cxd4 7. exd4 e6 8. Bd3
Bxd3 9. Qxd3 Be7 10. Nbd2 O-O 11. O-O a5 12. Qb5 Qd7 13. a4 Ne8 14. c3 Nc7 15.
Qd3 f6 16. Rfe1 Bd6 17. Nh4 Rae8 18. Rad1 Qf7 19. g3 g5 20. Ng2 Qg6 21. Qxg6+
hxg6 22. f3 Kf7 23. Re2 e5 24. Kf2 Rh8 25. Nf1 exd4 26. Rxe8 Rxe8 27. cxd4 Nb4
28. Nfe3 Rh8 29. Kg1 b5 30. axb5 Rb8 31. Ne1 Rxb5 32. Ba3 Ke6 33. Bxb4 Rxb4 34.
Rd3 a4 35. bxa4 Rxa4 36. N1c2 Nb5 37. Kf2 Bc7 38. Rb3 Nxd4 39. Rb4 Rxb4 1/2-1/2

[Event "SPICE Cup Open 2016"]
[Site "Saint Louis USA"]
[Date "2016.10.22"]
[Round "9.7"]
[White "Troff, Kayden W"]
[Black "Brown, Michael William"]
[Result "1-0"]
[WhiteTitle "GM"]
[BlackTitle "IM"]
[WhiteElo "2501"]
[BlackElo "2431"]
[WhiteFideId "2047896"]
[BlackFideId "2037602"]
[EventDate "2016.10.17"]

1. d4 Nf6 2. c4 e6 3. Nf3 d5 4. Nc3 Bb4 5. Bg5 Nbd7 6. cxd5 exd5 7. e3 c5 8.
dxc5 Qa5 9. Rc1 Ne4 10. Qxd5 Nxc3 11. bxc3 Bxc3+ 12. Kd1 O-O 13. Bc4 Nf6 14.
Bxf6 Bxf6 15. Ke2 Bg4 16. Rhd1 Rac8 17. c6 Qxd5 18. Bxd5 bxc6 19. Rxc6 Rxc6 20.
Bxc6 Rb8 21. Bd5 Rb2+ 22. Kf1 Kf8 23. Rc1 Bxf3 24. Bxf3 Rxa2 25. Rc8+ Ke7 26.
Rc7+ Kd6 27. Rxf7 a5 28. Be4 h6 29. Ra7 a4 30. Bh7 a3 31. Bg8 Ra1+ 32. Ke2 Kc5
33. f4 Kb6 34. Ra8 Bc3 35. Kd3 Ba5 36. Bc4 a2 37. Ke4 Kc5 38. Bf7 Kb5 39. g3 Rh1
40. Bxa2 Rxh2 41. Bc4+ Kb4 42. Bd3 Bb6 43. Rb8 Ka5 44. Rg8 Rh1 45. Kf3 Re1 46.
Be2 Rc1 47. Rxg7 Rc3 48. Re7 Bc5 49. Re6 Kb4 50. f5 Bf8 51. f6 Rc7 52. Kg4 Kc5
53. Kf5 1-0

[Event "SPICE Cup Open 2016"]
[Site "Saint Louis USA"]
[Date "2016.10.22"]
[Round "9.8"]
[White "Ashwin, Jayaram"]
[Black "Banawa, Joel Cholo B."]
[Result "1-0"]
[WhiteTitle "GM"]
[BlackTitle "FM"]
[WhiteElo "2468"]
[BlackElo "2363"]
[WhiteFideId "5018137"]
[BlackFideId "2024055"]
[EventDate "2016.10.17"]

1. d4 Nf6 2. Nf3 e6 3. Bf4 c5 4. e3 b6 5. Nbd2 Bb7 6. Nc4 d5 7. Nce5 Nbd7 8. Bb5
a6 9. Ng5 axb5 10. Nexf7 Qc8 11. Nxh8 g6 12. h4 cxd4 13. exd4 Qc4 14. Nhf7 Qb4+
15. c3 Qxb2 16. Nd6+ Bxd6 17. Bxd6 h6 18. Nxe6 Kf7 19. Nc7 Qxc3+ 20. Kf1 Ra4 21.
Rh3 Qc6 22. Bh2 Ne4 23. Kg1 Rc4 24. a3 Ndf6 25. Rb3 Rc2 26. Nxb5 Nxf2 27. Qf3
Ba6 28. Rc3 Rxc3 29. Nxc3 Ne4 30. Nxe4 dxe4 31. Qe3 Qd5 32. Rc1 Bc4 33. Be5 Nd7
34. Qf4+ Ke7 35. Qxh6 Nxe5 36. dxe5 Qd4+ 37. Kh1 e3 38. Qg7+ Kd8 39. Qf6+ Ke8
40. Qc6+ 1-0

[Event "SPICE Cup Open 2016"]
[Site "Saint Louis USA"]
[Date "2016.10.22"]
[Round "9.10"]
[White "Leon Hoyos, Manuel"]
[Black "Grabinsky, Aaron"]
[Result "1/2-1/2"]
[WhiteTitle "GM"]
[WhiteElo "2488"]
[BlackElo "2330"]
[WhiteFideId "5105269"]
[BlackFideId "2087090"]
[EventDate "2016.10.17"]

1. c4 c5 2. g3 Nc6 3. Nc3 g6 4. Bg2 Bg7 5. a3 d6 6. Rb1 a5 7. d3 e5 8. Nf3 Nge7
9. O-O O-O 10. Ne1 Be6 11. Nc2 Qd7 12. b4 axb4 13. axb4 cxb4 14. Nxb4 Nxb4 15.
Rxb4 d5 16. cxd5 Nxd5 17. Nxd5 Bxd5 18. Bxd5 Qxd5 19. Qb3 Qxb3 20. Rxb3 Ra2 21.
e4 Rb8 22. Be3 Bf8 23. Rb5 Ra3 24. Rc1 Rxd3 25. Rc7 b6 26. Kg2 Rdd8 27. h4 h5
28. Kf3 Bc5 29. Bxc5 bxc5 30. Rcxc5 Rxb5 31. Rxb5 Re8 32. Ke3 Kg7 33. f4 Kf6 34.
Rb6+ Re6 35. Rb7 Re8 36. Kf3 Re6 37. Ra7 Re8 38. Rb7 Re6 39. Rb8 Re7 40. Rg8 Re6
41. f5 Ra6 42. fxg6 Ra3+ 43. Kf2 fxg6 44. Rd8 Ra4 45. Ke3 Ra3+ 46. Rd3 Ra6 47.
Kf3 Ra1 48. Rd6+ Kf7 49. Ke2 Ra2+ 50. Ke3 Ra3+ 51. Rd3 Ra6 52. Rb3 Kf6 53. Kf3
Rc6 54. g4 hxg4+ 55. Kxg4 Rc1 56. Rb6+ Kf7 57. Rb7+ Kf6 58. Rb6+ 1/2-1/2

[Event "SPICE Cup Open 2016"]
[Site "Saint Louis USA"]
[Date "2016.10.22"]
[Round "9.11"]
[White "Neimer, Vitaly"]
[Black "Sukandar, Irine Kharisma"]
[Result "0-1"]
[WhiteTitle "IM"]
[BlackTitle "IM"]
[WhiteElo "2346"]
[BlackElo "2432"]
[WhiteFideId "2807017"]
[BlackFideId "7101937"]
[EventDate "2016.10.17"]

1. d4 Nf6 2. c4 e6 3. Nf3 d5 4. g3 dxc4 5. Bg2 Bb4+ 6. Bd2 c5 7. dxc5 Bxc5 8.
Qa4+ Nbd7 9. Qxc4 b5 10. Qxb5 Rb8 11. Qd3 Qb6 12. O-O Ba6 13. Qc2 Bxe2 14. b4
Bxb4 15. Rc1 Ng4 16. Be3 Nxe3 17. Qxe2 Nxg2 18. Kxg2 O-O 19. Nbd2 Bxd2 20. Qxd2
Nf6 21. Rc4 Rfd8 22. Qc2 h6 23. Rc1 Qb2 24. Ra4 Qb7 25. Qc7 Nd5 26. Qxb7 Rxb7
27. Rc2 f6 28. Nd2 e5 29. Nb3 Nb4 30. Rc4 Nd3 31. Rc6 Kh7 32. Kf1 f5 33. Ra5 f4
34. Ke2 e4 35. Re6 Rc7 36. Rxe4 Rc2+ 37. Kf3 Rxf2+ 38. Kg4 Rd6 39. gxf4 Rg6+ 40.
Kf5 Rg5+ 0-1